000
00237nam a22001097a 4500
020
_a
090129003990
082
_a
K800
100
_a
PARK, BARBARA
245
_a
JUNIE B JONES HAS A PEEP IN HER POCKET - BOOK 15
300
_a
67P
942
_c
BK
999
_c
7153
_d
7153